000 00604nam a22001937a 4500
999 _c21005
_d21005
003 AR-CdUCM
008 190724b ||||| |||| 00| 0 spa d
040 _aMUNICIPALIDAD PROVINCIAL DEL CUSCO
_cBIBLIOTECA MUNICIPAL DEL CUSCO
082 _aC / 352.865 /
_bG66
100 _aGonzalez Malpartida, Eduardo
_943796
245 _aAsesoría municipal ciudad del Cusco /
260 _aCusco :
_c1964.
300 _a51 páginas ;
_bmapas ;
_c27 cm.
650 _aPlanificación
_96254
650 _aCusco
_9772
710 _aInstituto nacional d planificación
_943797
942 _2ddc
_cLIBROS
945 _azta